| 000 | 00735nam a2200205 a 4500 | ||
|---|---|---|---|
| 005 | 20250220063754.0 | ||
| 008 | 991125s1991 mx 000 0 spa u | ||
| 020 | _a968292832X | ||
| 035 | _aUPN01000011724 | ||
| 049 | _aCG | ||
| 050 | 4 |
_aLA429 A4 _bC23 |
|
| 100 | 1 |
_aCamacho Sandoval, Salvador, _d1959- _928628 |
|
| 245 | 1 | 0 |
_aControversia educativa entre la ideología y la fe : _bla educación socialista en la historia de Aguscalientes, 1876-1940 / _cSalvador Camacho Sandoval. |
| 260 |
_aMéxico : _bCNCA, Dirección General de Publicaciones, _c1991. |
||
| 300 |
_a291 p. : _bil. |
||
| 440 | 0 | _aRegiones | |
| 650 | 4 |
_aEducación _zAguascalientes _xHistoria _9692 |
|
| 650 | 4 |
_aEducación comunista _zMéxico _915318 |
|
| 905 | _aLibro | ||
| 999 |
_c11724 _d11724 |
||